000 00831cam a22002897a 4500
003 CHAP
005 20220329135717.0
008 971013s1963 r 00010 d
010 _a40951
011 _a41923
035 _a46049
040 _cCHAP
082 _a581.134
_bF6
100 0 0 _aFogg, G. E.
_941969
245 1 4 _aThe growth of plants
260 _aMiddlesex :
_bPenguin,
_c1963
300 _a288 p.
_b: ilus. ; láms.
490 0 _aPelican books, A560
590 _aBATCH-UPD
_b10
_c20130110
_lUCH01
_h0225
590 _aBATCH-UPD
_b10
_c20130110
_lUCH01
_h1640
590 _aCONVERSION
_b10
_c20130109
_lUCH01
_h1323
650 1 4 _aPlantas
_xCrecimiento
_xAditivos.
_988804
830 0 _aPelican books, A560
_986621
901 _aBK
942 _cLIBRO
949 _a581.134 F6
_bBC
_cLIBRO
_d-105011
_eLIBRO
_h9314
_i46049
_si
999 _c40951
_d40951